Подробности
| 000 -МАРКЕР |
| контрольное поле |
01402nam0a22002531 4500 |
| 001 - ИДЕНТИФИКАТОР ЗАПИСИ |
| контрольное поле |
rc\607591 |
| 005 - ИДЕНТИФИКАТОР ВЕРСИИ |
| контрольное поле |
20250621182130.0 |
| 035 ## - ДРУГИЕ СИСТЕМНЫЕ НОМЕРА |
| Идентификатор записи |
(NLR Aleph) 005851572 |
| 100 ## - ДАННЫЕ ОБЩЕЙ ОБРАБОТКИ |
| Данные общей обработки |
20031121d1986 |||y0rusy50 ca |
| 101 0# - ЯЗЫК РЕСУРСА |
| Язык текста, звукозаписи и т.д. |
русский |
| 102 ## - СТРАНА ПУБЛИКАЦИИ ИЛИ ПРОИЗВОДСТВА |
| Страна публикации |
Российская Федерация |
| 105 ## - ПОЛЕ КОДИРОВАННЫХ ДАННЫХ: ТЕКСТОВЫЕ МАТЕРИАЛЫ, МОНОГРАФИЧЕСКИЕ |
| Кодированные данные о монографическом текстовом документе |
y ||||||||| |
| 200 1# - ЗАГЛАВИЕ И СВЕДЕНИЯ ОБ ОТВЕТСТВЕННОСТИ |
| Основное заглавие |
ЛИТЕРАТУРА и русский язык |
| Сведения, относящиеся к заглавию |
Метод. рекомендации по теме "Великая Отеч. война в творчестве соврем. сов. писателей" для орг. учеб. и факультатив. занятий в сред. спец. учеб. заведениях |
| Первые сведения об ответственности |
Учеб.-метод. каб. М-ва высш. и сред. спец. образования ЛатвССР |
| Последующие сведения об ответственности |
[Сост. С. Иванова] |
| 210 ## - ПУБЛИКАЦИЯ, РАСПРОСТРАНЕНИЕ И ДР. |
| Место издания, распространения и т.д. |
Рига |
| Имя издателя, распространителя и т. д. |
УМК М-ва высш. и сред. спец. образования ЛатвССР |
| Дата издания, распространения и т.д. |
1986 |
| 215 ## - ФИЗИЧЕСКАЯ ХАРАКТЕРИСТИКА |
| Специфическое обозначение материала и объем |
29 с. |
| Размеры |
20 |
| 702 #1 - ИМЯ ЛИЦА - ВТОРИЧНАЯ ОТВЕТСТВЕННОСТЬ |
| Код отношения |
Составитель |
| Начальный элемент ввода |
Иванова |
| Часть имени, кроме начального элемента ввода |
С. Е. |
| Дополнения к именам, кроме дат |
д-р филологии, рус. литература |
| Даты |
1935-1998 |
| Расширение инициалов личного имени |
Светлана Евгеньевна |
| Системный номер авторитетной/нормативной записи |
227639 |
| Идентификатор авторитетной/нормативной записи |
RU\NLR\AUTH\770227695 |
| 712 01 - НАИМЕНОВАНИЕ ОРГАНИЗАЦИИ - ВТОРИЧНАЯ ОТВЕТСТВЕННОСТЬ |
| Начальный элемент ввода |
ЛатвССР |
| Структурное подразделение |
М-во высшего и среднего специального образования |
| -- |
Учеб.-метод. кабинет |
| 801 #0 - ИСТОЧНИК ЗАПИСИ |
| Страна |
Российская Федерация |
| Организация |
NLR |
| Правила каталогизации |
psbo |
| 801 #1 - ИСТОЧНИК ЗАПИСИ |
| Страна |
Российская Федерация |
| Организация |
ELAR |
| Источник данных |
rusmarc |
| 852 ## - МЕСТОНАХОЖДЕНИЕ И ШИФР ХРАНЕНИЯ |
| Идентификатор организации |
NLR |
| Шифр хранения (Call Number) |
87-4/15300 |
| 942 ## - ДОПОЛНИТЕЛЬНЫЕ ЭЛЕМЕНТЫ ЗАПИСИ (АБИС) |
| Тип экземпляра АБИС |
Книга |
| 980 ## - КОЛЛЕКЦИЯ |
| Название коллекции |
Национальная библиография |